<?xml version="1.0" encoding="UTF-8"?>
<collection xmlns="http://www.loc.gov/MARC21/slim">
 <record>
  <leader>01276pam a22003138a 4500</leader>
  <controlfield tag="001">00026433</controlfield>
  <controlfield tag="005">20171026081023.0</controlfield>
  <controlfield tag="008">110815s2006                  ||||||viesd</controlfield>
  <datafield tag="020" ind1=" " ind2=" ">
   <subfield code="c">6000</subfield>
  </datafield>
  <datafield tag="041" ind1="0" ind2="#">
   <subfield code="a">vie</subfield>
  </datafield>
  <datafield tag="082" ind1="1" ind2="#">
   <subfield code="a">510.71</subfield>
   <subfield code="b">T406B</subfield>
  </datafield>
  <datafield tag="245" ind1="0" ind2="0">
   <subfield code="a">Toán 7</subfield>
   <subfield code="c">Phan Đức Chính (tổng ch.b)...[và nh. ng. khác]</subfield>
   <subfield code="n">T.1</subfield>
   <subfield code="b">Sách giáo viên</subfield>
  </datafield>
  <datafield tag="250" ind1="#" ind2="#">
   <subfield code="a">Tái bản lần thứ 3</subfield>
  </datafield>
  <datafield tag="260" ind1="#" ind2="#">
   <subfield code="a">H.</subfield>
   <subfield code="b">Giáo dục</subfield>
   <subfield code="c">2006</subfield>
  </datafield>
  <datafield tag="300" ind1="#" ind2="#">
   <subfield code="b">hình vẽ</subfield>
   <subfield code="c">24 cm.</subfield>
   <subfield code="a">152 tr.</subfield>
  </datafield>
  <datafield tag="500" ind1="#" ind2="#">
   <subfield code="a">ĐTTS ghi: Bộ Giáo dục và Đào tạo</subfield>
  </datafield>
  <datafield tag="650" ind1=" " ind2=" ">
   <subfield code="a">Lớp 7</subfield>
  </datafield>
  <datafield tag="650" ind1=" " ind2=" ">
   <subfield code="a">Sách giáo viên</subfield>
  </datafield>
  <datafield tag="650" ind1=" " ind2=" ">
   <subfield code="a">Toán</subfield>
  </datafield>
  <datafield tag="700" ind1="1" ind2="#">
   <subfield code="a">Phan Đức Chính</subfield>
   <subfield code="e">tổng ch.b</subfield>
  </datafield>
  <datafield tag="700" ind1="1" ind2="#">
   <subfield code="a">Tôn Thân</subfield>
   <subfield code="e">ch.b</subfield>
  </datafield>
  <datafield tag="852" ind1="#" ind2="#">
   <subfield code="b">Kho giáo trình</subfield>
   <subfield code="j">KGT.0029798, KGT.0029799, KGT.0029800, KGT.0029801, KGT.0029802, KGT.0029803, KGT.0029804, KGT.0029805, KGT.0029806, KGT.0029807, KGT.0029808</subfield>
  </datafield>
  <datafield tag="852" ind1="#" ind2="#">
   <subfield code="b">Kho mượn</subfield>
   <subfield code="j">KGT.0029798</subfield>
  </datafield>
  <datafield tag="852" ind1="#" ind2="#">
   <subfield code="j">KGT.0029799</subfield>
   <subfield code="j">KGT.0029800</subfield>
   <subfield code="j">KGT.0029804</subfield>
   <subfield code="j">KGT.0029805</subfield>
   <subfield code="j">KGT.0029807</subfield>
   <subfield code="j">KD.0011196</subfield>
   <subfield code="j">KGT.0029801</subfield>
   <subfield code="j">KGT.0029802</subfield>
   <subfield code="j">KGT.0029798</subfield>
   <subfield code="j">KGT.0029803</subfield>
   <subfield code="j">KGT.0029806</subfield>
   <subfield code="j">KGT.0029808</subfield>
  </datafield>
  <datafield tag="852" ind1="#" ind2="#">
   <subfield code="b">Kho đọc</subfield>
   <subfield code="j">KD.0011196</subfield>
  </datafield>
  <datafield tag="910" ind1=" " ind2=" ">
   <subfield code="d">15/08/2011</subfield>
  </datafield>
  <datafield tag="980" ind1="#" ind2="#">
   <subfield code="a">Trung tâm Học liệu Lê Vũ Hùng, Trường Đại học Đồng Tháp</subfield>
  </datafield>
 </record>
</collection>
